000 01010nam a2200229Ia 4500
999 _c53728
_d53728
001 20776
003 GE_BSU
005 20221114120133.0
008 181216s2012||||enk|||||||||||||| ||eng||
020 _a9780415508544x
040 _cGE_BSU
080 _a327 T-44
245 4 _aThe EU's Common Foreign and Security Policy :
_bThe Quest for Democracy /
_cEdited by Helene Sjursen.
264 _aNew York :
_bPublished by Routledge,
_c2012.
300 _a143 p. ;
_c24 cm.
500 _aIndex. : p. 140-143
541 _h315 Gel.
653 _aThe EU's Common Foreign and Security Policy : The Quest for Democracy
653 _aОбщая внешняя политика и политика безопасности ЕС : стремление к демократии
653 _aევროკავშირის საერთო საგარეო და უსაფრთხოების პოლიტიკა : დემოკრატიის საგანი
942 _cBK
_2udc